000 01143nam a2200337 a 4500
001 vtls000001451
003 NLI
005 20210601180110.0
008 101125s1973 ii l f000 0 eng
020 _cRs. 0.75
039 9 _y201011250001
_zVLOAD
040 _aNLI
_cVTLS
041 0 _aeng
044 _aii
082 0 4 _a328.54
110 1 _aIndia.
_bParliament.
_bLok Sabha
_n(5th :
_d1971-1977).
_bJoint Committee on Offices of Profit
_98711
245 1 0 _aReport, 7th /
_cJoint Committee on Offices of Profit, 5th Lok Sabha, Government of India
260 _aNew Delhi :
_bLok Sabha Secretariat,
_c1973
300 _a35 p.;
_c24 cm.
500 _aPresented on the 21st December, 1973
650 0 _aLegislative bodies
_zIndia
_xCommittees
_97189
650 0 _aLegislative reportings
653 _aEmoluments and allowances
_xMembers
887 _a kajol
901 _aIOD71061
_b27.03.1974
902 _aGP328.54[1] In2 plo[5th]no.7
905 _akajol
906 _aIOD1588
942 _2ddc
_cBKS
999 _aVIRTUA
_c5366
_d5366
999 _aVTLSSORT0080*0200*0400*0410*0440*0820*1100*2450*2600*3000*5000*6500*6501*6530*9010*9020*9050*9060*9490*9991